| 000 | 00643pab a2200181 454500 | ||
|---|---|---|---|
| 008 | 180718b2000 xxu||||| |||| 00| 0 eng d | ||
| 100 | _aConsidine, Mark | ||
| 245 | _aContract regimes and reflexive governance: comparing employment service reforms in the United Kingdom, the Netherlands, New Zealand and Australia | ||
| 260 | _c2000 | ||
| 300 | _ap.613-38 | ||
| 650 | _aEmployment services - Australia | ||
| 650 | _aEmployment services - New Zealand | ||
| 650 | _aEmployment services - Netherlands | ||
| 650 | _aEmployment services - Great Britain | ||
| 650 | _aEmployment services | ||
| 773 | _aPublic Administration | ||
| 909 | _a46810 | ||
| 999 |
_c46810 _d46810 |
||